000 00520nam a2200181 i 4500
001 141728
003 ES-MaACL
005 20230906200344.0
007 t|
008 070927s1952 sp ||||1| spa d
100 1 _aVincenzi, Moisés.
_9115315
245 1 0 _aEnsayo sobre el poeta Carlos Izaguirre /
_cMoisés Vincenzi.
250 _a[1ª ed.].
260 _aMadrid :
_b[Edic. Iberoamericanas],
_c1952.
300 _a202 p. ;
_c22 cm.
600 0 4 _aIzaguirre, Carlos.
_965677
852 _aES-MaACL
_jD-8470
_bR.32381
999 _c141728
_d141728